00584 2200217 4500001002100000005001700021008004100038035002400079082001000103090002100113100001600134245006000150250001100210260004800221300002500269650002100294850001500315980001500330985000600345999001500351YOGYA-0209000004130620090227025744.0 ind  0010-020900000041306 a651.3 a651.3bAdi MlUT aADI WARSIDI aMateri pokok administrasi perkantorancoleh Adi Warsidi aCet. 1 aJakartabKarunika Universitas Terbukac1987 a361 hlmbilusc28 cm aManajemen kantor aYOPDYOG(B) a21-01-2008 a1 a07A0027400